LEADER 01807nam0 2200361 i 450 001 URB0414742 005 20231121125914.0 010 $a8813247796 100 $a20040914d2003 ||||0itac50 ba 101 | $aita 102 $ait 181 1$6z01$ai $bxxxe 182 1$6z01$an 200 1 $a˜L'œaltra metà del continente$el'Europa centro-orientale dalla formazione degli stati nazionali all'integrazione europea$fa cura di Francesco Guida 210 $aPadova$cCEDAM$d2003 215 $a371 p.$d24 cm 225 | $aMiscellanee$fUniversità degli studi Roma Tre, Dipartimento di istituzioni politiche e scienze sociali$v1 300 $aRelazioni presentate a un convegno tenuto a Roma nel 2001. 410 0$1001URB0414752$12001 $aMiscellanee$fUniversità degli studi Roma Tre, Dipartimento di istituzioni politiche e scienze sociali$v1$171201$aUniversità degli studi Roma Tre$b : Dipartimento di istituzioni politiche e scienze sociali$3PUVV293114 606 $aEuropa centro-orientale$x1918-2000$xCongressi Roma 2001$2FIR$3RMLC251476$9I 676 $a943$9STORIA DELL'EUROPA CENTRALE$v19 676 $a943.000904$9STORIA. EUROPA CENTRALE. 20. sec.$v21 702 1$aGuida$b, Francesco$f <1950- >$3CFIV050234 801 3$aIT$bIT-01$c20040914 850 $aIT-RM028 $aIT-RM0289 $aIT-FR0017 899 $aBiblioteca Universitaria Alessandrina$bRM028 899 $aBiblioteca Statale A. Baldini$bRM0289 899 $aBiblioteca umanistica Giorgio Aprea$bFR0017 $eN 912 $aURB0414742 950 0$aBiblioteca umanistica Giorgio Aprea$d 52MAG 3/53$e 52SBA0000142155 VMN RS $fA $h20120914$i20120914 977 $a 01$a 04$a 52 996 $aAltra metà del continente$93642551 997 $aUNICAS